[Event "zt 3.3"]
[Site "Phu Quoc VIE"]
[Date "2007.01.17"]
[Round "8"]
[White "Paragua,M"]
[Black "Chuah Jin,H"]
[Result "1-0"]
[WhiteElo "2573"]
[BlackElo "2259"]

1.e4 c5 2.Nf3 d6 3.d4 cxd4 4.Nxd4 Nf6 5.Nc3 a6 6.Be3 e6 7.Be2 Qc7 8.O-O b5
9.f4 Bb7 10.Bf3 Nbd7 11.a3 h5 12.Qe2 Be7 13.Kh1 Rc8 14.Bg1 h4 15.Rae1 g6
16.h3 Nh5 17.Bxh5 Rxh5 18.f5 Nf8 19.fxg6 fxg6 20.Qg4 Qd7 21.Nxe6 Qxe6 22.Rxf8+ Kd7
23.Qxe6+ Kxe6 24.Rxc8 Bxc8 25.Nd5 Bg5 26.Bh2 Bb7 27.Rd1 Rh7 28.Bf4 Bd8 29.Bh2 Bg5
30.Bxd6 Bxd5 31.Rxd5 Bc1 32.Be5 Rh5 33.Bc3 Rxd5 34.exd5+ Kxd5 35.Kg1 Ke4
36.Kf2 Kf4 37.Bf6 g5 38.Bd4 Ke4 39.Bf6 Kf4 40.Bg7 a5 41.Bc3 a4 42.Bg7 Ke4
43.g4 hxg3+ 44.Kxg3 Ke3 45.Kg4 Ke2 46.b3 Bxa3 47.c4 bxc4 48.bxa4 Bc1 49.a5 Kd3
50.a6 Be3 51.Kf3 Ba7 52.Bf6 c3 53.Bxg5 Kc4 54.h4 Kb5 55.Ke4 Kxa6 56.Kd3 c2
57.h5 Bf2 58.h6 Bh4 59.Bd2  1-0

[Event "zt 3.3"]
[Site "Phu Quoc VIE"]
[Date "2007.01.17"]
[Round "8"]
[White "Gundavaa,B"]
[Black "Nguyen Huynh Minh H"]
[Result "0-1"]
[WhiteElo "2256"]
[BlackElo "2395"]

1.e4 c5 2.Nf3 d6 3.d4 cxd4 4.Nxd4 Nf6 5.Nc3 a6 6.Be3 e5 7.Nf3 Be7 8.Bc4 O-O
9.O-O Be6 10.Bb3 Nc6 11.Bg5 Na5 12.Qd3 Rc8 13.Bxf6 Bxf6 14.Rfd1 Be7 15.Nd5 Rc6
16.Nxe7+ Qxe7 17.Bd5 Bxd5 18.Qxd5 Qc7 19.c3 g6 20.Qd3 b5 21.Ne1 Nc4 22.Qe2 Rd8
23.a4 Qb6 24.Nd3 bxa4 25.Rxa4 a5 26.b4 d5 27.bxa5 Qb3 28.Rda1 Rcd6 29.h3 Qxc3
30.a6 dxe4 31.Nc5 e3 32.Ne4 exf2+ 33.Kh2 Qe3 34.Qxc4 Rd4 35.Qc2 Qf4+ 36.g3 f1=N+
37.Kg1 Nxg3 38.Rxd4 exd4 39.a7 Nxe4 40.a8=Q Rxa8 41.Rxa8+ Kg7 42.Ra3 Nc3
43.Kg2 Nd5 44.Qf2 Ne3+ 45.Kg1 Qg5+ 46.Kh1 h5 47.Qf3 Qe5 48.Kg1 Nd5 49.Ra1 Nf4
50.Rf1 g5 51.h4 f6 52.hxg5 fxg5 53.Qb7+ Kg6 54.Ra1 Qe3+ 55.Kh1 h4 56.Qa8 Qh3+
57.Kg1 Ne2+ 58.Kf2 Qe3+ 59.Kf1 d3 60.Qd5 Qg1+  0-1

[Event "zt 3.3"]
[Site "Phu Quoc VIE"]
[Date "2007.01.18"]
[Round "9"]
[White "Nguyen Van Huy"]
[Black "Ly Hong Nguyen"]
[Result "1-0"]
[WhiteElo "2345"]
[BlackElo "2330"]

1.e4 c5 2.Nf3 d6 3.d4 cxd4 4.Nxd4 Nf6 5.Nc3 a6 6.Be3 e6 7.Be2 Be7 8.O-O O-O
9.f4 Qc7 10.Kh1 Nc6 11.a4 Bd7 12.Nb3 b6 13.g4 Bc8 14.Bf3 Bb7 15.g5 Nd7 16.Bg2 Nb4
17.Nd4 Nc6 18.Qh5 Nxd4 19.Bxd4 e5 20.Be3 g6 21.Qh6 f5 22.gxf6 Nxf6 23.f5 Ng4
24.Qh3 Nxe3 25.Qxe3 gxf5 26.exf5 Bxg2+ 27.Kxg2 Qc6+ 28.Qf3 Qxf3+ 29.Rxf3 Rac8
30.Rd1 Rc4 31.b3 Rg4+ 32.Kh3 Rg5 33.Nd5 Bd8 34.Ne3 Rf6 35.Rg3 Rxg3+ 36.hxg3 h5
37.c4 Kf7 38.Kg2 Ke8 39.Kf3 Kd7 40.Ke4 Kc6 41.Nd5 Rh6 42.Rf1 Rh8 43.f6 Kd7
44.Kf5 Rf8 45.Kg6 Ke6 46.f7 Be7 47.Kg7 e4 48.Rf4  1-0

[Event "TCh-AUT 2006-7"]
[Site "Leoben AUT"]
[Date "2007.01.21"]
[Round "7"]
[White "Diermair,A"]
[Black "Freitag,M"]
[Result "1-0"]
[WhiteElo "2391"]
[BlackElo "2402"]

1.e4 c5 2.Nf3 d6 3.d4 cxd4 4.Nxd4 Nf6 5.Nc3 a6 6.Be3 e5 7.Nb3 Be7 8.f3 Be6
9.Qd2 O-O 10.O-O-O Nbd7 11.g4 b5 12.g5 b4 13.Ne2 Ne8 14.f4 a5 15.f5 a4 16.Nbd4 b3
17.Kb1 exd4 18.Nxd4 bxc2+ 19.Nxc2 Nc7 20.fxe6 fxe6 21.h4 Qb8 22.Bh3 Qb7 23.Qb4 Qc6
24.Na3 Rab8 25.Qc4 Qb7 26.Rh2 Ne5 27.Qxa4 Rf3 28.Qd4 Rg3 29.Qc3 Qxe4+ 30.Ka1 Rb7
31.Nc2 Qf3 32.Rf1 Qd5 33.Qe1 Rxh3 34.Rxh3 Rxb2 35.Nb4 Qg2 36.Rg3 Qe2 37.Qxe2 Rxe2
38.Bd4 Nb5 39.Bb2  1-0

[Event "ch-EST"]
[Site "Tallinn EST"]
[Date "2007.01.21"]
[Round "3"]
[White "Lauk,U"]
[Black "Kanep,M"]
[Result "1/2-1/2"]
[WhiteElo "2367"]
[BlackElo "2504"]

1.e4 c5 2.Nf3 d6 3.d4 cxd4 4.Nxd4 Nf6 5.Nc3 a6 6.Be3 e6 7.Be2 Qc7 8.a4 Be7
9.f4 Nc6 10.O-O O-O 11.Kh1 Bd7 12.Nb3 b6 13.Bf3 Rab8 14.Qe2 Nb4 15.Rad1 Rfd8
16.Bf2 Bc6 17.Nd4 Bb7 18.Bg3 Nd7  1/2-1/2

[Event "IM"]
[Site "Passos BRA"]
[Date "2007.01.22"]
[Round "2"]
[White "Alonso,S"]
[Black "Bittencourt,J"]
[Result "1/2-1/2"]
[WhiteElo "2419"]
[BlackElo "2428"]

1.e4 c5 2.Nf3 d6 3.d4 cxd4 4.Nxd4 Nf6 5.Nc3 a6 6.Be3 e5 7.Nf3 Be7 8.Bc4 O-O
9.O-O Be6 10.Bb3 Qc7 11.Qe2 Rc8 12.Rfd1 Nbd7 13.Bg5 b5 14.Rac1 Bc4 15.Bxc4 Qxc4
16.Qxc4 Rxc4 17.Nd2 Rc7 18.Ne2 Rac8 19.c3 Nb6  1/2-1/2

[Event "GM"]
[Site "Marianske Lazne CZE"]
[Date "2007.01.23"]
[Round "5"]
[White "Hermansson,E"]
[Black "Womacka,M"]
[Result "1/2-1/2"]
[WhiteElo "2466"]
[BlackElo "2448"]

1.e4 c5 2.Nf3 d6 3.d4 cxd4 4.Nxd4 Nf6 5.Nc3 a6 6.Be3 e5 7.Nb3 Be6 8.f3 Be7
9.Qd2 O-O 10.O-O-O Nbd7 11.g4 Qc7 12.Kb1 Rfc8 13.Qf2 Bd8 14.g5 Nh5 15.h4 Qc6
16.f4 exf4 17.Bxf4 Nxf4 18.Qxf4 Ne5 19.h5 Qb6 20.Nd5 Bxd5 21.Rxd5 Be7 22.Be2 Re8
23.Nd4 Bf8 24.Nf5 Re6 25.h6 g6 26.Ne3 Rae8 27.Rdd1 Be7 28.Rhg1 Qd8 29.Nd5 b5
30.Ne3 Nd7 31.Rdf1 Rf8 32.Nd5 Re5 33.Nxe7+ Qxe7 34.Bd3 Nc5 35.Rd1 Ne6 36.Qf6 Qxf6
37.gxf6 Nc5 38.b4 Nd7 39.Rgf1 Re6 40.c4 Rb8 41.cxb5 axb5 42.Bc2 Rxf6 43.Rxf6 Nxf6
44.Rxd6  1/2-1/2

[Event "SDZ Open"]
[Site "Solin CRO"]
[Date "2007.01.23"]
[Round "4"]
[White "Batinic,J"]
[Black "Paradjina,D"]
[Result "1-0"]
[WhiteElo "1922"]
[BlackElo "2011"]

1.e4 c5 2.Nf3 d6 3.d4 cxd4 4.Nxd4 Nf6 5.Nc3 a6 6.Be3 b5 7.a3 e5 8.Nde2 Be6
9.Bg5 Nbd7 10.f4 h6 11.Bh4 Bc4 12.Qd2 exf4 13.Bxf6 Nxf6 14.Nxf4 Be6 15.Bd3 Be7
16.O-O O-O 17.Nxe6 fxe6 18.Ne2 Qb6+ 19.Kh1 Ng4 20.h3 Bg5 21.Qc3 Bf6 22.Qb3 Nf2+
23.Rxf2 Qxf2 24.Qxe6+ Kh8 25.Qxd6 Rad8 26.Qf4 Qxf4 27.Nxf4 Bxb2 28.Rf1 g5
29.Ng6+ Kg7 30.Ne7 Bxa3 31.Nf5+ Kg6 32.e5 Rxd3 33.cxd3 h5 34.g4 hxg4 35.hxg4 Rd8
36.d4 Bb2 37.Ne7+ Kg7 38.Nc6 Ra8 39.Rf5 Bc1 40.d5 Be3 41.d6 Bc5 42.d7 Rh8+
43.Kg2 Bb6 44.e6  1-0

[Event "ch-SER Qualification"]
[Site "Belgrade SER"]
[Date "2007.01.25"]
[Round "3"]
[White "Krstic,P"]
[Black "Arsovic,G"]
[Result "0-1"]
[WhiteElo "2280"]
[BlackElo "2478"]

1.e4 c5 2.Nf3 d6 3.d4 cxd4 4.Nxd4 Nf6 5.Nc3 a6 6.Be3 e5 7.Nf3 Be7 8.Bc4 O-O
9.O-O Nc6 10.Bg5 Be6 11.Bb3 Nd7 12.Bxe7 Qxe7 13.Nd5 Qd8 14.c3 Na5 15.Ne3 Nxb3
16.axb3 Nc5 17.Nd2 a5 18.Qc2 b5 19.Rfd1 Qb6 20.Nd5 Bxd5 21.exd5 Rfc8 22.Ne4 Nxe4
23.Qxe4 Qc5 24.Qe3 Qc7 25.Qd3 Qb7 26.Kf1 g6 27.h4 a4 28.b4 Rc4 29.g3 h5 30.Re1 Rac8
31.Re4 Rxe4 32.Qxe4 Rc4 33.Qd3 Qc8 34.Kg2 Kg7 35.Qe3 Qc7 36.Qe2 f5 37.Qd3 Kh7
38.Qe2 Kg7 39.Qd3 Qc8 40.Qf3 Qc7 41.Qd3 f4 42.gxf4 Rxf4 43.Qxb5 Qf7 44.Qe2 Rg4+
45.Kf1 Qxd5 46.f3 Rf4 47.Kg2 e4 48.Rf1 Rxh4 49.Qe3 exf3+ 50.Rxf3 Re4 51.Qc1 Qe5
52.Qd1 h4 53.Rf2 Qg3+ 54.Kf1 Qh3+ 55.Rg2 Qh1+ 56.Rg1 Rf4+ 57.Ke2 Qe4+ 58.Kd2 h3
59.Kc1 Rf2 60.Re1 Qf4+ 61.Kb1 h2 62.Qxa4 Re2 63.Rd1 Qe4+ 64.Ka1 Kh6  0-1

[Event "FSIMB February"]
[Site "Budapest HUN"]
[Date "2007.02.07"]
[Round "5"]
[White "To Nhat Minh"]
[Black "Popovics,A"]
[Result "1-0"]
[WhiteElo "2270"]
[BlackElo "2421"]

1.e4 c5 2.Nf3 d6 3.d4 cxd4 4.Nxd4 Nf6 5.Nc3 a6 6.Be3 e5 7.Nb3 Be6 8.f3 Nbd7
9.Qd2 Be7 10.g4 b5 11.O-O-O O-O 12.g5 b4 13.Ne2 Ne8 14.f4 a5 15.f5 a4 16.fxe6 axb3
17.exf7+ Rxf7 18.Kb1 bxc2+ 19.Kxc2 Rxa2 20.Nc1 Qc8+ 21.Kb1 Ra8 22.Qd5 Nc7
23.Qb3 Nf8 24.Bc4 Nfe6 25.Bb6 Kh8 26.Bxc7 Nc5 27.Qxb4 Rf2 28.Bd5 Ra4 29.Qb8 Qxb8
30.Bxb8 Rb4 31.Ba7 Rfxb2+ 32.Ka1 Rb1+ 33.Ka2 Nxe4 34.Rd3 R4b2+ 35.Ka3 Rb5
36.Ka2 R1b4 37.Bxe4 Rxe4 38.Ra3 d5 39.Bc5 Bd8 40.Rf1 Rf4 41.Ra8 Ra5+ 42.Rxa5 Bxa5
43.Rxf4 exf4 44.Nd3 Bc7 45.Ne1 Kg8 46.Kb3 Kf7 47.Kc2 Kg6 48.Nf3 Kh5 49.h3 Bd8
50.Bd4 Kg6 51.Kd3 Bxg5 52.Bxg7 Bd8 53.Be5 Kf5 54.Kd4 Bb6+ 55.Kxd5 Be3 56.Bd6 Bc1
57.Nd4+ Kg5 58.Be7+ Kg6 59.Ke4 Kf7 60.Bg5 Kg6 61.Bxf4 Bb2 62.Nf3 Bc3 63.Be5 Bb4
64.Bg3 Ba3 65.Ne5+ Kg5 66.Nf3+ Kg6 67.Bc7 Bc1 68.Bd8 Kh5 69.Kf5 Ba3 70.Bg5 Bd6
71.Bf6 h6 72.Be5 Be7 73.Bf4 Bd8 74.Bd6 Be7 75.Bg3 Bh4 76.Bf4 Be7 77.Be5 Bd8
78.Bg3 Bh4 79.Bh2 Be7 80.Ke4 Bd8 81.Bg3 Be7 82.Nd4 Bd8 83.Nf5 Bg5 84.Bf4 Bf6
85.Bxh6 Bd8 86.Bf4 Bf6 87.Bg3 Bd8 88.Ng7+ Kh6 89.Ne6 Be7 90.Kf5 Ba3 91.Kg4 Bb4
92.h4 Ba3 93.h5 Bb4 94.Bf4+ Kh7 95.Kf5 Ba3 96.Kf6 Bb2+ 97.Kf7 Bc3 98.Bg5  1-0

[Event "FSGM February"]
[Site "Budapest HUN"]
[Date "2007.02.07"]
[Round "5"]
[White "Papp,Ge"]
[Black "Krivokapic,M"]
[Result "0-1"]
[WhiteElo "2335"]
[BlackElo "2342"]

1.e4 c5 2.Nf3 d6 3.d4 cxd4 4.Nxd4 Nf6 5.Nc3 a6 6.Be3 e5 7.Nde2 Be7 8.h3 O-O
9.g4 Be6 10.Bg2 Nbd7 11.g5 Nh5 12.Qd2 Nb6 13.b3 Rc8 14.O-O-O Qc7 15.Kb2 g6
16.Nd5 Nxd5 17.exd5 Bd7 18.c4 f6 19.h4 Rf7 20.Rc1 b6 21.a3 fxg5 22.hxg5 Rcf8
23.Be4 Bf5 24.Nc3 Nf4 25.Rcg1 Qb7 26.Rh4 b5 27.c5 dxc5 28.Bxf4 exf4 29.Bxf5 Rxf5
30.d6 Bxg5 31.Rxg5 Rxg5 32.Rxf4 Rd8 33.Ne4 Qg7+ 34.Ka2 Re5 35.Nf6+ Kh8 36.d7 Re6
37.Qb2 g5 38.Rf5 h6 39.Qc3 Rxd7 40.Qxc5 Re2+  0-1

[Event "FSGM February"]
[Site "Budapest HUN"]
[Date "2007.02.08"]
[Round "6"]
[White "Krivokapic,M"]
[Black "Szabo,Kr1"]
[Result "0-1"]
[WhiteElo "2342"]
[BlackElo "2465"]

1.e4 c5 2.Nf3 d6 3.d4 cxd4 4.Nxd4 Nf6 5.Nc3 a6 6.Be3 e6 7.Be2 Qc7 8.f4 b5
9.a3 Bb7 10.Bf3 Nbd7 11.Qe2 e5 12.Nb3 Rc8 13.O-O Be7 14.Rad1 O-O 15.f5 Nb6
16.Na5 Ba8 17.g4 Na4 18.Nxa4 bxa4 19.b4 axb3 20.Nxb3 Nxe4 21.Qxa6 Qxc2 22.Na5 Bg5  0-1

[Event "Zima Rating Tournament"]
[Site "St Petersburg RUS"]
[Date "2007.02.08"]
[Round "9"]
[White "Shlakich,A"]
[Black "Korchagina,V"]
[Result "0-1"]
[WhiteElo "2225"]
[BlackElo "2123"]

1.e4 c5 2.Nf3 d6 3.d4 cxd4 4.Nxd4 Nf6 5.Nc3 a6 6.Be3 e5 7.Nb3 Be6 8.f3 Be7
9.Qd2 O-O 10.O-O-O Qc7 11.g4 Rc8 12.g5 Nh5 13.Kb1 Nd7 14.Ne2 a5 15.Ng3 Nf4
16.h4 Nb6 17.Bxf4 exf4 18.Nf5 Bf8 19.h5 Bxf5 20.exf5 a4 21.Nd4 a3 22.g6 axb2
23.gxf7+ Qxf7 24.Nb3 Na4 25.c4 b5 26.Nd4 bxc4 27.Qc2 d5 28.h6 Qa7 29.Nb5 Qc5
30.hxg7 Qxb5 31.f6 Nc3+ 32.Qxc3 Rxa2 33.f7+ Kxf7 34.g8=Q+ Kxg8 35.Bh3 Bg7
36.Be6+ Kf8 37.Qe1 Ra1+ 38.Kc2 Qb3+ 39.Kd2 Qd3+  0-1

[Event "2nd GM"]
[Site "Soller ESP"]
[Date "2007.02.09"]
[Round "7"]
[White "Llaneza Vega,M"]
[Black "Alsina Leal,D"]
[Result "0-1"]
[WhiteElo "2427"]
[BlackElo "2430"]

1.e4 c5 2.Nf3 d6 3.d4 Nf6 4.Nc3 cxd4 5.Nxd4 a6 6.Be3 e5 7.Nb3 Be6 8.Qd2 Be7
9.O-O-O O-O 10.f4 exf4 11.Bxf4 Ne8 12.Be2 Nd7 13.Nd4 Rc8 14.Kb1 Qb6 15.Be3 Qc7
16.Nxe6 fxe6 17.Bg4 Rf6 18.Bg5 Rg6 19.Bxe7 Rxg4 20.h3 Rg6 21.Bxd6 Qxd6 22.Qxd6 Nxd6
23.Rxd6 Ne5 24.g4 Kf7 25.Ne2 Ke7 26.Rhd1 Rc7 27.b3 Rf6 28.Rb6 Nd7 29.Rb4 Rf2
30.Nd4 g6 31.e5 Rh2 32.Nf3 Rxh3 33.Ng5 Rh2 34.Rd6 Nf8 35.Rf4 Rhxc2 36.Rf7+ Ke8
37.Rf6 R2c6 38.Ne4 Nd7 39.Rfxe6+ Kf8 40.Ng5 Nc5 41.Rf6+ Kg7 42.b4 Rxd6 43.Rxd6 h6
44.Nf3 Ne4 45.Rd4 Ng5 46.Nd2 h5 47.gxh5 gxh5 48.Kb2 Kg6 49.Nf1 Rh7 50.Ng3 h4
51.Rd6+ Kf7 52.Rf6+ Ke8 53.Rf5 Nf7 54.Nh5 Ke7 55.Nf6 Rh8 56.Ng4 h3 57.Rf2 Rh4
58.Nh2 Rxb4+ 59.Kc3 Rh4 60.Re2 b5 61.Kd2 Ke6 62.Nf3 Rh5 63.Nd4+ Kd5 64.e6 Kxd4
65.exf7 Rf5 66.Rh2 Rxf7 67.Rxh3 Rf2+ 68.Kc1 Rxa2 69.Kb1 Rg2 70.Ra3 Rg6  0-1

[Event "FSGM February"]
[Site "Budapest HUN"]
[Date "2007.02.10"]
[Round "8"]
[White "Papp,Ge"]
[Black "Szabo,Kr1"]
[Result "1-0"]
[WhiteElo "2335"]
[BlackElo "2465"]

1.e4 c5 2.Nf3 d6 3.d4 cxd4 4.Nxd4 Nf6 5.Nc3 a6 6.Be3 Nc6 7.Be2 e6 8.O-O Be7
9.f4 O-O 10.a4 Qc7 11.Nb3 b6 12.Bf3 Bb7 13.Qe1 Rfe8 14.Rd1 Nb4 15.Qf2 Nd7
16.Kh1 Rab8 17.Rd2 Ba8 18.Qg3 Bf8 19.Bg1 Nc6 20.Rfd1 Na5 21.Be2 Nxb3 22.cxb3 Bb7
23.Rd4 Rbd8 24.Bc4 Nb8 25.R4d2 Rc8 26.f5 e5 27.Rd3 Nd7 28.Qh4 Nf6 29.Rg3 Qe7
30.Rh3 h6 31.Rdd3 Kh8 32.Rdg3 Nxe4 33.Nxe4 Qxh4 34.Rxh4 d5 35.Ng5 dxc4 36.Nxf7+ Kh7
37.bxc4 e4 38.b3 b5 39.f6 Rc7 40.Ng5+ Kh8 41.f7 Re5 42.Bd4 Rce7 43.Kg1 bxc4
44.bxc4 a5 45.Rb3 Bc8 46.Rb8 e3 47.Rxc8  1-0

[Event "ch-St Petersburg sf"]
[Site "St Petersburg RUS"]
[Date "2007.02.13"]
[Round "4"]
[White "Urjubdshzirov,E"]
[Black "Fedoseev,Vl3"]
[Result "0-1"]
[WhiteElo "2163"]
[BlackElo "2166"]

1.e4 c5 2.Nf3 d6 3.d4 cxd4 4.Nxd4 Nf6 5.Nc3 a6 6.Be3 e5 7.Nf3 Be7 8.Bc4 Be6
9.Bb3 O-O 10.O-O h6 11.Qe2 Nbd7 12.Bxe6 fxe6 13.Qc4 Kf7 14.a4 Qc8 15.Qb3 Qc6
16.Rfe1 b6 17.Rad1 Rfc8 18.Nd2 Rab8 19.f4 Nc5 20.Qb4 b5 21.axb5 axb5 22.f5 exf5
23.exf5 Na4 24.Qb3+ Kf8 25.Ndb1 Nxc3 26.bxc3 d5 27.Bf2 Bc5 28.h3 Bxf2+ 29.Kxf2 Qc5+
30.Kg3 e4 31.Kh2 Qd6+ 32.Kg1 Qe5 33.Rd4 Rc4 34.Qa3+ Kg8 35.Rxc4 bxc4 36.Nd2 Qxf5
37.Nf1 Qe5 38.Ne3 Kh7 39.Rf1 Qc7 40.Nf5 Re8 41.Qc1 Qe5 42.Qe3 Ra8 43.g4 Ra3
44.Nd4 Qg5 45.Qe1 Qg6 46.Rf5 Ra7 47.Kh2 Re7 48.Qe3 Qe8 49.Kg1 Re5 50.Rf2 Qg6
51.Kf1 Qg5 52.Rf4 Re7 53.Ke2 Rb7 54.Nf5 Rb2 55.Kd2 Rb7 56.h4 Qg6 57.Qg3 Rf7
58.Qh3 Nxg4 59.Qxg4 Qxg4 60.Rxg4 Rxf5 61.Ke3 g5 62.hxg5 hxg5 63.Rg2 Kg6 64.Rh2 g4
65.Rh8 Kg5 66.Rh7 g3 67.Ke2 Kg4 68.Rg7+ Kh3 69.Rh7+ Kg2 70.Rh8 Rf2+ 71.Ke1 Rxc2  0-1

[Event "ch-St Petersburg sf"]
[Site "St Petersburg RUS"]
[Date "2007.02.15"]
[Round "6"]
[White "Frolochkin,V"]
[Black "Lanin,A"]
[Result "0-1"]
[WhiteElo "2232"]
[BlackElo "2465"]

1.e4 c5 2.Nf3 d6 3.d4 cxd4 4.Nxd4 Nf6 5.Nc3 a6 6.Be3 e5 7.Nb3 Be6 8.f3 Be7
9.Qd2 O-O 10.O-O-O Qc7 11.g4 Nbd7 12.g5 Nh5 13.Nd5 Bxd5 14.exd5 a5 15.Qd3 Nf4
16.Bxf4 exf4 17.Nd4 Bxg5 18.Qf5 Qd8 19.h4 Bf6 20.Qxf4 Be5 21.Qd2 Qf6 22.Qf2 Nc5
23.Kb1 Ne4 24.Qe3 Ng3 25.Rg1 Qxh4 26.Bb5 g6 27.c4 Qf6 28.a3 Bxd4 29.Qxd4 Qxd4
30.Rxd4 Ne2 31.Rgd1 Nxd4 32.Rxd4 Rac8 33.Re4 Rc7 34.Kc2 Kg7 35.Kb3 h5 36.Ka4 Ra8  0-1

[Event "ch-St Petersburg sf"]
[Site "St Petersburg RUS"]
[Date "2007.02.16"]
[Round "7"]
[White "Lanin,A"]
[Black "Solovjov,S"]
[Result "1/2-1/2"]
[WhiteElo "2465"]
[BlackElo "2412"]

1.e4 c5 2.Nf3 d6 3.d4 cxd4 4.Nxd4 Nf6 5.Nc3 a6 6.Be3 e5 7.Nb3 Be6 8.f3 Be7
9.Qd2 Nbd7 10.g4 O-O 11.O-O-O b5 12.g5 b4 13.Ne2 Ne8 14.f4 a5 15.f5 a4 16.fxe6 axb3
17.exf7+ Rxf7 18.cxb3 Rxa2 19.Ng3 Rxf1  1/2-1/2

[Event "ch-St Petersburg sf"]
[Site "St Petersburg RUS"]
[Date "2007.02.17"]
[Round "8"]
[White "Lanin,A"]
[Black "Biriukov,O"]
[Result "1/2-1/2"]
[WhiteElo "2465"]
[BlackElo "2374"]

1.e4 c5 2.Nf3 d6 3.d4 cxd4 4.Nxd4 Nf6 5.Nc3 a6 6.Be3 Ng4 7.Bg5 h6 8.Bh4 g5
9.Bg3 Bg7 10.h3 Ne5 11.f3 Nbc6 12.Bf2 Ng6 13.Qd2 Qa5 14.O-O-O Be6 15.Kb1 Nxd4
16.Bxd4 Bxd4 17.Qxd4 Qc5 18.Qd2 O-O-O 19.g3 Kb8 20.Bd3 Ne5 21.f4 Nc6 22.Qe2 gxf4
23.gxf4 Rdg8 24.Qe1 h5  1/2-1/2

[Event "OCF Winter NAO FIDE Op"]
[Site "Stillwater USA"]
[Date "2007.02.17"]
[Round "2"]
[White "Abrahamyan,T"]
[Black "Claassen,C"]
[Result "1-0"]
[WhiteElo "2295"]
[BlackElo "2065"]

1.e4 c5 2.Nf3 d6 3.d4 cxd4 4.Nxd4 Nf6 5.Nc3 a6 6.Be3 Ng4 7.Bg5 h6 8.Bh4 g5
9.Bg3 Bg7 10.Be2 h5 11.h4 Nc6 12.Nb3 gxh4 13.Rxh4 Be6 14.Qd2 Nce5 15.Nd4 Bc4
16.Nf5 Bf6 17.f3 Qb6 18.O-O-O Rc8 19.Nd4 Nd3+ 20.cxd3 Bxd4 21.dxc4 Be3 22.fxg4 Bxd2+
23.Rxd2 Qe3 24.Be1 e6 25.gxh5 Rc5 26.Kc2 b5 27.cxb5 Ke7 28.Rh3 Qxe4+ 29.Rhd3 axb5
30.Bg3 d5 31.Bf3 Qh7 32.Bh4+ f6 33.Kd1 b4 34.Ne4 Rhc8 35.Bxf6+ Kf8 36.Nxc5 Rxc5
37.g4 Qc7 38.Bd4 Rc1+ 39.Ke2 Qh2+ 40.Bf2 Qf4 41.Bxd5 Qxg4+ 42.Bf3 Qc4 43.b3 Qb5
44.h6 Qe5+ 45.Re3 Qb5+ 46.Rdd3 Rc2+ 47.Ke1 Qf5 48.Rd8+ Kf7 49.h7 Rc1+ 50.Bd1  1-0

[Event "V Breizh Masters GM"]
[Site "Guingamp FRA"]
[Date "2007.02.19"]
[Round "4"]
[White "Kryvoruchko,Y"]
[Black "Bellaiche,A"]
[Result "1/2-1/2"]
[WhiteElo "2592"]
[BlackElo "2472"]

1.e4 c5 2.Nf3 d6 3.d4 cxd4 4.Nxd4 Nf6 5.Nc3 a6 6.Be3 e5 7.Nb3 Be6 8.f4 Qc7
9.Qd2 Nbd7 10.f5 Bc4 11.O-O-O b5 12.Kb1 Be7 13.h3 b4 14.Nd5 Nxd5 15.exd5 a5
16.g4 O-O 17.g5 Rfc8 18.f6 Bf8 19.Nc1 a4 20.Bxc4 Qxc4 21.Qd3 Qxd3 22.Nxd3 Rab8
23.b3 axb3 24.cxb3 gxf6 25.Rhf1 Rc3 26.Bc1 e4 27.Nb2 fxg5 28.Bxg5 Rxh3 29.Nc4 Rh5
30.Rg1 Kh8 31.Bf4 Ne5 32.Bxe5+ dxe5 33.d6 Rd8 34.Rd5 f6 35.d7 Rh3 36.Rgd1 Rc3
37.Kb2 e3 38.a4 e4 39.R1d4 f5 40.Rxf5 Bg7 41.Ne5 Rc5 42.Nf7+ Kg8 43.Nh6+ Kh8
44.Nf7+  1/2-1/2

[Event "V Breizh Masters Women"]
[Site "Guingamp FRA"]
[Date "2007.02.19"]
[Round "4"]
[White "Greef,M"]
[Black "Chulivska,V"]
[Result "1-0"]
[WhiteElo "1930"]
[BlackElo "2208"]

1.e4 c5 2.Nf3 d6 3.d4 cxd4 4.Nxd4 Nf6 5.Nc3 a6 6.Be3 Nc6 7.f3 e6 8.g4 Be7
9.Qd2 O-O 10.O-O-O Nxd4 11.Bxd4 Nd7 12.h4 b5 13.Kb1 Qc7 14.g5 b4 15.Na4 Bb7
16.Qxb4 Bc6 17.Nc3 Rfb8 18.Qc4 Ne5 19.Qe2 Bb5 20.Nxb5 axb5 21.Qe3 Qa5 22.Qb3 Nc4
23.Bc3 Qa7 24.Be1 Na5 25.Bxa5 Qxa5 26.f4 Qa4 27.Qxa4 bxa4 28.b3 g6 29.Bc4 Ra5
30.h5 Rc5 31.Kc1 e5 32.hxg6 hxg6 33.Rh6 Bf8 34.Rxg6+ Bg7 35.Rgxd6 exf4 36.g6 Rxc4
37.gxf7+ Kxf7 38.bxc4 Be5 39.R6d5 Ke6 40.Rb5 Rh8 41.c5 a3 42.c6 Bb2+ 43.Kb1 Rc8
44.Rh1 Bg7 45.Rg1 Bd4 46.Rg6+ Kf7 47.Rd6  1-0

[Event "Magistral I"]
[Site "Necochea ARG"]
[Date "2007.02.19"]
[Round "9"]
[White "Real de Azua,E"]
[Black "Zuriel,M"]
[Result "1-0"]
[WhiteElo "2437"]
[BlackElo "2197"]

1.e4 c5 2.Nf3 d6 3.d4 cxd4 4.Nxd4 Nf6 5.Nc3 a6 6.Be3 e6 7.g4 h5 8.g5 Ng4
9.Bc1 Ne5 10.f4 Nec6 11.Nb3 b5 12.Be3 Nd7 13.Bg2 Bb7 14.Qe2 Rc8 15.O-O-O Na5
16.Rhe1 b4 17.Nd5 Nxb3+ 18.axb3 Qa5 19.Kb1 exd5 20.exd5 Kd8 21.Rd4 Kc7 22.Bd2 Qb5
23.Rc4+ Nc5 24.Bxb4 Kb8 25.Bc3 h4 26.Bh3 Rd8 27.Qd2 Nd7 28.Rb4 Qc5 29.Bxd7 Rxd7
30.Re8+  1-0

[Event "14th Belisce Metalis Open"]
[Site "Bizovac CRO"]
[Date "2007.02.24"]
[Round "6"]
[White "Bender,I"]
[Black "Brkic,A"]
[Result "0-1"]
[WhiteElo "2311"]
[BlackElo "2570"]

1.e4 c5 2.Nf3 d6 3.d4 cxd4 4.Nxd4 Nf6 5.Nc3 a6 6.Be3 e5 7.Nb3 Be6 8.f3 Be7
9.Qd2 O-O 10.O-O-O a5 11.a4 Nc6 12.g4 Nb4 13.g5 Nh5 14.Bb5 Rc8 15.Kb1 b6
16.Rhg1 Qc7 17.Rc1 Rfd8 18.Nd5 Nxd5 19.exd5 Bf5 20.Qf2 Rb8 21.Nd2 Bd7 22.Bxd7 Qxd7
23.Bxb6 Qb7 24.Nc4 Rdc8 25.Nxa5 Qxb6 26.Qxb6 Rxb6 27.Nc6 Rb7 28.c4 Nf4 29.b4 Ne2
30.b5 Ra8 31.a5 Bd8 32.a6 Rd7 33.Nxd8 Rdxd8 34.Ka2 Kf8 35.Ka3 Ke7 36.Ka4 Kd7
37.Ka5 Rdc8 38.Rge1 Nxc1 39.Rxc1 Rc5 40.Kb6 Rb8+ 41.Ka7 Rcc8 42.Rb1 Rg8 43.Rb2 Rgc8
44.Rb1 Rg8 45.Rb2 f5 46.gxf6 gxf6 47.Rb1 f5 48.Rb2 h5 49.h4 e4 50.fxe4 fxe4
51.Rf2 Ra8+ 52.Kb6 Rgb8+ 53.Ka5 Rc8 54.Kb6 Rcb8+ 55.Ka5 Rc8 56.Kb6 Re8 57.a7 e3
58.Re2 Rac8 59.Ka6 Rxc4 60.b6 Ra4+ 61.Kb7 Ra3 62.Rc2 Ke7 63.Rc7+ Kf6 64.Rc2 e2
65.a8=Q Re7+ 66.Rc7 Rxa8 67.Kxa8 e1=Q 68.Rxe7 Kxe7 69.b7 Qa5+  0-1

[Event "V Breizh Masters GM"]
[Site "Guingamp FRA"]
[Date "2007.02.24"]
[Round "9"]
[White "Kryvoruchko,Y"]
[Black "Benitah,Y"]
[Result "1-0"]
[WhiteElo "2592"]
[BlackElo "2423"]

1.e4 c5 2.Nf3 d6 3.d4 cxd4 4.Nxd4 Nf6 5.Nc3 a6 6.Be3 e6 7.f3 Be7 8.Qd2 O-O
9.g4 Nc6 10.O-O-O Nxd4 11.Bxd4 b5 12.h4 Nd7 13.g5 Qc7 14.Kb1 b4 15.Na4 Rb8
16.b3 Bb7 17.h5 d5 18.g6 h6 19.Rg1 f5 20.exf5 exf5 21.Bd3 Bd6 22.Rge1 f4
23.Qe2 Ra8 24.Bf5 Nf6 25.Be6+ Kh8 26.Bf7 Nd7 27.Qe6 Bc6 28.Nb6 Nxb6 29.Bxb6 Qxb6
30.Qxd6 Rad8 31.Qxf4 d4 32.Re5 Bb5 33.Qe4 a5 34.Rd5 Bc6 35.Qxd4 Rxd5 36.Qxb6 Rxd1+
37.Kb2 Bxf3 38.Qxa5 Rd4 39.Qc5 Rdd8 40.Qxb4 Bxh5 41.Qe4 Bd1 42.Kc1  1-0

[Event "23rd Open"]
[Site "Cappelle la Grande FRA"]
[Date "2007.03.03"]
[Round "1"]
[White "Yemelin,V"]
[Black "Bijaoui,M"]
[Result "1/2-1/2"]
[WhiteElo "2539"]
[BlackElo "2396"]

1.e4 c5 2.Nf3 d6 3.d4 cxd4 4.Nxd4 Nf6 5.Nc3 a6 6.Be3 Ng4 7.Bg5 h6 8.Bh4 g5
9.Bg3 Bg7 10.Qd2 Nc6 11.Nb3 b5 12.f3 Nge5 13.Bf2 Be6 14.a4 Bc4 15.Be2 O-O
16.O-O Rb8 17.axb5 axb5 18.Rfd1 Qd7 19.Nd4 Nxd4 20.Bxd4 Rfc8 21.b3 Bxe2 22.Nxe2 Qc7
23.c3 Ng6 24.Rdc1 Ra8 25.Bxg7 Kxg7 26.Kh1 Qc5 27.b4 Qc4 28.Rxa8 Rxa8 29.Qd4+ Ne5
30.Qxc4 Nxc4 31.Rb1 Ra2 32.Nd4 Ra3 33.Nxb5  1/2-1/2

[Event "23rd Open"]
[Site "Cappelle la Grande FRA"]
[Date "2007.03.04"]
[Round "2"]
[White "Jedryczka,K"]
[Black "Dvoirys,S"]
[Result "0-1"]
[WhiteElo "2326"]
[BlackElo "2534"]

1.e4 c5 2.Nf3 d6 3.d4 cxd4 4.Nxd4 Nf6 5.Nc3 a6 6.Be3 e5 7.Nf3 Qc7 8.h3 Nbd7
9.Be2 b5 10.O-O Be7 11.Qd2 Bb7 12.Bd3 b4 13.Nd5 Bxd5 14.exd5 e4 15.Bxe4 Nxe4
16.Qxb4 Nec5 17.Qg4 O-O 18.b4 Na4 19.c4 Bf6 20.Rac1 Nc3 21.Rc2 Nxd5 22.cxd5 Qxc2
23.Qxd7 Qxa2 24.Qf5 Rfe8 25.Rc1 Qa4 26.Rc7 Re7 27.Rc6 Qxb4 28.Bf4 Qe4 29.Rc8+ Rxc8
30.Qxc8+ Re8 31.Qc6 Rd8 32.Nd2 Qb1+ 33.Kh2 Qb5  0-1

[Event "ch-SRB"]
[Site "Vrsac SRB"]
[Date "2007.03.05"]
[Round "2"]
[White "Pikula,D"]
[Black "Damljanovic,B"]
[Result "0-1"]
[WhiteElo "2513"]
[BlackElo "2590"]

1.e4 c5 2.Nf3 d6 3.d4 cxd4 4.Nxd4 Nf6 5.Nc3 a6 6.Be3 Ng4 7.Bc1 Nc6 8.h3 Nf6
9.g4 Qb6 10.Nb3 e6 11.Be3 Qc7 12.g5 Nd7 13.f4 b5 14.a4 b4 15.Ne2 Bb7 16.Bg2 Na5
17.Nxa5 Qxa5 18.O-O Be7 19.f5 exf5 20.exf5 Bxg2 21.Kxg2 Rc8 22.Ng3 Ne5 23.f6 gxf6
24.gxf6 Bf8 25.Nf5 Rg8+ 26.Kh2 Qc7 27.Rf2 Qd8 28.Qe2 Rc6 29.Nd4 Rc4 30.b3 Rc3
31.Re1 Qc8 32.Nf5 Kd7 33.Bd4 Nf3+ 34.Rxf3 Rxc2 35.Rf2 Rxe2 36.Rfxe2 Rg5 37.Ne3 d5
38.Ng4 Bd6+ 39.Kh1 Qg8 40.Re7+ Bxe7 41.fxe7 Rxg4 42.hxg4 Ke8  0-1

[Event "I Open"]
[Site "La Laguna ESP"]
[Date "2007.03.06"]
[Round "2"]
[White "Spasov,V"]
[Black "Hernandez Leon,A"]
[Result "1-0"]
[WhiteElo "2588"]
[BlackElo "2227"]

1.e4 c5 2.Nf3 d6 3.d4 cxd4 4.Nxd4 Nf6 5.Nc3 a6 6.Be3 e5 7.Nf3 Be7 8.Bc4 O-O
9.O-O Be6 10.Bxe6 fxe6 11.Na4 Ng4 12.Qd3 Nxe3 13.Qxe3 b5 14.Nb6 Ra7 15.Nd5 Nc6
16.Qd3 Qe8 17.Nxe7+ Qxe7 18.Rfd1 Rd8 19.a4 Rb7 20.axb5 axb5 21.Qb3 h6 22.Ra6 Qd7
23.h3 Rc8 24.c3 Rcb8 25.Rd2 Rd8 26.Qd1 Qc7 27.Rd3 Rbb8 28.h4 Qc8 29.Ra1 d5
30.Qe2 d4 31.Rad1 dxc3 32.Rxc3 Qb7 33.Rdc1 Rbc8 34.Qc2 Ne7 35.Nxe5 b4 36.Rc7 Qb5
37.Qc5 Rd1+ 38.Kh2 Qxc5 39.R1xc5 Rxc7 40.Rxc7 Kf8 41.Rb7 g6 42.Rxb4 Rd2 43.Rb8+ Kg7
44.Rb7 Kf8 45.f3  1-0